| 000 | 00572nam a2200193 u 4500 | ||
|---|---|---|---|
| 005 | 20240215063650.0 | ||
| 008 | 090622s2003 es r 000 0 spa d | ||
| 020 | _a847978542X | ||
| 035 | _aUPN01000171331 | ||
| 049 | _aCG | ||
| 050 | 4 |
_aHD30.2 _bV3.3 |
|
| 100 | 1 | _aValhondo, Domingo | |
| 245 | 1 | 0 |
_aGestión del conocimiento : _bdel mito a la realidad / _cDomingo Valhondo. |
| 260 |
_aMadrid : _bDíaz de Santos, _cc2003. |
||
| 300 |
_a378 p. : _bil. |
||
| 650 | 4 |
_aAdministración del conocimiento _9495 |
|
| 650 | 4 |
_aTeoría del conocimiento _91707 |
|
| 905 | _aLibro | ||
| 999 |
_c143436 _d143436 |
||